000 00553nam a2200217Ia 4500
005 20250425161829.0
008 250425s9999 xx 000 0 und d
041 _aspa
082 _a378.1
245 0 _aPROPUESTA DEL MANUAL ORGANICO FUNCIONAL
250 _a1A ED.
260 _aEcuador
_bESCUELA SUPERIOR POLITECNICA DEL LITORAL
260 _aGUAYAQUIL
300 _a50
650 _aADMINISTRACION EDUCATIVA
650 _aEDUCACION SUPERIOR
650 _aMANUALES
650 _aORGANIZACION CURRICULAR
942 _c01
010 _a31559
999 _c217002
_d217002